000 00586nam a22002177a 4500
003 OSt
005 20160705180936.0
008 160705b xxu||||| |||| 00| 0 eng d
020 _a9780080451404
040 _cDNLM
082 _aWO100 A51a 2008
100 _aEdited by Raftery, Andrew T.
_99979
245 _aApplied Basic Science for Basic Surgical Training
250 _b2nd ed.
260 _aEdinburgh; Churchill, c2008
300 _aix,649p; col.ill: 25cm
504 _aIndex included
650 _aSurgery
_9323
650 _aSurgical Training
_99980
942 _2z
_cO_SHELF
999 _c4644
_d4644